1046 1820 1722 1128 1531 1576 1835 1511 1319 1488 1862 1397 1787 1598 1863 1415 1414 1419 1305 1521 1123 1447 1111 1228 2000 1962 1117 1423 1117 1497 1534 1889 1145 1084 1856 1287 1703 1937 1693 1244 1882 1553 1566 1903 1997 1664 1310 1479 1861 1907 1169 1695 1928 1687 1796 1312 1138 1677 1841 1389 1979 1368 1605 1745 1410 1181 1845 1453 1507 1393 1072 1982 1570 1916 1237 1247 1356 1506 1462 1426 1902 1452 1484 1519 1045 1295 1617 1328 1935 1596 1548 1389 1458 1866 1145 1793 1900 1794 1150 BCNSPRNW ULIB Ver.6.0+V

เปลี่ยนเป็นภาษาไทย

Change to English
 แสดงรายละเอียดบรรณานุกรม
  กลับหน้าหลัก

Brief Record : Get Marc (ISO 2709) : E-mail record : QR code < ปิดหน้าต่าง
LEADER : 00000nam 2200000uu 4500
001    13399121431
003     ULIB
008    020711s2549 th a 000 0 tha d
020    9749408381
090    นว.^bป691ร
100    ปิยะพร ศักดิ์เกษม
245    ระบำดาว /^cปิยะพร ศักดิ์เกษม
250    พิมพ์ครั้งที่ 5
260    กรุงเทพฯ :^bพิมพ์คำ,^c2549
945    ^p0^l0^i15310
999    ^aกัณชพร
รายการนี้ยังไม่มีแท็ก
คุณยังไม่ได้ล็อกอิน คุณสามารถมีกิจกรรมร่วมกับเว็บไซต์ได้ แต่ต้องล็อกอินก่อน ::
  ล็อกอิน

รายการสื่อสารสนเทศ

ลำดับที่ ประเภท เลขเรียก/บาร์โค้ด สถานที่ สถานะ
1. นวนิยาย
นวนิยาย
นว. ป691ร  
  Barcode: 15310
ห้องสมุดวิทยาเขตสวรรค์ประชารักษ์
►นวนิยาย
บนชั้น
  ขอยืม

BibComment


ยังไม่เคยถูกคอมเมนท์

คอมเมนท์ทรัพยากรรายการนี้
  คอมเมนท์: ระบำดาว ปิยะพร ..


 Copyright 2026. Bcnsprnw @Library